00305nam a2200121Ia 4500008004100000082001700041100001800058245005000076250000800126260002400134300001100158650001400169150201s2009 xx 000 0 und d a616.07bC09S aSOOD , RAMNIK aCINCISE BOOK OF MEDICAL LABORATORY TECHNOLOGY a1ST bJAYPEEaDELHIc2009 a1-1139 aPATHOLOGY